Elon Musk (Record no. 12118)

MARC details
000 -LEADER
fixed length control field 00251nam a22000977a 4500
008 - FIXED-LENGTH DATA ELEMENTS--GENERAL INFORMATION
fixed length control field 221103b |||||||| |||| 00| 0 eng d
020 ## - INTERNATIONAL STANDARD BOOK NUMBER
International Standard Book Number 9789387944848
100 ## - MAIN ENTRY--PERSONAL NAME
Personal name Ilian George
9 (RLIN) 7583
245 ## - TITLE STATEMENT
Title Elon Musk
260 ## - PUBLICATION, DISTRIBUTION, ETC. (IMPRINT)
Place of publication, distribution, etc. India
Name of publisher, distributor, etc. Jaico Publishing House
Date of publication, distribution, etc. 2022
Holdings
Withdrawn status Lost status Source of classification or shelving scheme Damaged status Koha normalized classification for sorting Not for loan Home library Current library Shelving location Date acquired Total Checkouts Full call number Barcode Date last seen Date last checked out Price effective from Koha item type
    Dewey Decimal Classification   ILI_920_000000000000000   Good Samaritan School Library Good Samaritan School Library Biography 11/03/2022 2 ILI920 ILI17374 08/28/2024 08/16/2024 11/03/2022 BOOK

Powered by Koha